<?xml version="1.0" encoding="UTF-8"?>
<record
    xmlns:xsi="http://www.w3.org/2001/XMLSchema-instance"
    xsi:schemaLocation="http://www.loc.gov/MARC21/slim http://www.loc.gov/standards/marcxml/schema/MARC21slim.xsd"
    xmlns="http://www.loc.gov/MARC21/slim">

  <leader>00951nam a22002537a 4500</leader>
  <controlfield tag="005">20170123162351.0</controlfield>
  <datafield tag="010" ind1=" " ind2=" ">
    <subfield code="a">B-077892</subfield>
  </datafield>
  <datafield tag="020" ind1=" " ind2=" ">
    <subfield code="c">280.00</subfield>
  </datafield>
  <datafield tag="035" ind1=" " ind2=" ">
    <subfield code="a">B-077892</subfield>
  </datafield>
  <datafield tag="037" ind1=" " ind2=" ">
    <subfield code="b">Cen Lib/Ret</subfield>
  </datafield>
  <datafield tag="040" ind1=" " ind2=" ">
    <subfield code="a">DPL</subfield>
    <subfield code="b">UR</subfield>
  </datafield>
  <datafield tag="082" ind1=" " ind2=" ">
    <subfield code="a">270.64</subfield>
    <subfield code="b">&#x642; &#x627; &#x633; </subfield>
  </datafield>
  <datafield tag="100" ind1=" " ind2=" ">
    <subfield code="a">&#x642;&#x627;&#x633;&#x645;&#x6CC;&#x60C; &#x645;&#x62C;&#x627;&#x6C1;&#x62F; &#x627;&#x644;&#x633;&#x644;&#x622;&#x645;  </subfield>
    <subfield code="9">113183</subfield>
  </datafield>
  <datafield tag="245" ind1=" " ind2=" ">
    <subfield code="a">: &#x645;&#x628;&#x627; &#x62D;&#x62A; &#x641;&#x642;&#x6BE;&#x6CC;&#x62A;&#x6C1;</subfield>
    <subfield code="c">&#x645;&#x62C;&#x627;&#x6C1;&#x62F; &#x627;&#x644;&#x633;&#x644;&#x622;&#x645;  &#x642;&#x627;&#x633;&#x645;&#x6CC;</subfield>
    <subfield code="b">/&#x627;&#x635;&#x648;&#x644; &#x641;&#x642;&#x6C1; &#x6A9;&#x6D2; &#x686;&#x646;&#x62F; &#x627;&#x6C1;&#x645; &#x645;&#x633;&#x627;&#x626;&#x644; &#x67E;&#x631; &#x645;&#x639;&#x627;&#x635;&#x631;&#x62A;&#x62D;&#x642;&#x6CC;&#x642;&#x6CC; &#x627;&#x62D;&#x62B;&#x6CC;&#x6CC;</subfield>
  </datafield>
  <datafield tag="246" ind1=" " ind2=" ">
    <subfield code="a">Mubahis-e- faqihiya: asool-e- fqh ke chnd ahem msail pr ma-asir-e tehqeeqi behse /</subfield>
    <subfield code="b">by Mujahid Ai-islam Qasmi</subfield>
  </datafield>
  <datafield tag="260" ind1=" " ind2=" ">
    <subfield code="a">&#x646;&#x6CC; &#x62F;&#x6C1;&#x644;&#x6CC; </subfield>
    <subfield code="b">&#x627;&#x644;&#x627;&#x645;&#x6A9; &#x641;&#x642;&#x6C1; &#x627;&#x6A9;&#x62F;&#x645;&#x6D2; </subfield>
    <subfield code="c">2002</subfield>
  </datafield>
  <datafield tag="270" ind1=" " ind2=" ">
    <subfield code="a">&#x62C;&#x627;&#x645;&#x639;&#x6C1; &#x646;&#x6AF;&#x631; </subfield>
    <subfield code="b">&#x646;&#x6CC; &#x62F;&#x6C1;&#x644;&#x6CC; </subfield>
  </datafield>
  <datafield tag="300" ind1=" " ind2=" ">
    <subfield code="a">469p.</subfield>
    <subfield code="c">22cm(pbk)</subfield>
  </datafield>
  <datafield tag="650" ind1=" " ind2=" ">
    <subfield code="a"> &#x645;&#x630;&#x6C1;&#x628;</subfield>
    <subfield code="v"> </subfield>
    <subfield code="9">140138</subfield>
  </datafield>
  <datafield tag="650" ind1=" " ind2=" ">
    <subfield code="a"> &#x627;&#x633;&#x644;&#x627;&#x645;</subfield>
    <subfield code="9">140139</subfield>
  </datafield>
  <datafield tag="650" ind1=" " ind2=" ">
    <subfield code="a">Religion</subfield>
    <subfield code="9">140140</subfield>
  </datafield>
  <datafield tag="650" ind1=" " ind2=" ">
    <subfield code="a">Islam</subfield>
    <subfield code="9">5289</subfield>
  </datafield>
  <datafield tag="942" ind1=" " ind2=" ">
    <subfield code="2">ddc</subfield>
    <subfield code="c">UR</subfield>
    <subfield code="h">270.64</subfield>
    <subfield code="m">&#x642; &#x627; &#x633; </subfield>
  </datafield>
  <datafield tag="999" ind1=" " ind2=" ">
    <subfield code="c">109225</subfield>
    <subfield code="d">109225</subfield>
  </datafield>
  <datafield tag="952" ind1=" " ind2=" ">
    <subfield code="0">0</subfield>
    <subfield code="1">0</subfield>
    <subfield code="4">0</subfield>
    <subfield code="7">0</subfield>
    <subfield code="a">L</subfield>
    <subfield code="b">L</subfield>
    <subfield code="d">2016-02-26</subfield>
    <subfield code="e">Cen Lib/Ref</subfield>
    <subfield code="g">280.00</subfield>
    <subfield code="l">0</subfield>
    <subfield code="o">270.64 &#x642; &#x627; &#x633;</subfield>
    <subfield code="p">B-077892</subfield>
    <subfield code="r">2016-02-26 00:00:00</subfield>
    <subfield code="t">1</subfield>
    <subfield code="v">280.00</subfield>
    <subfield code="w">2016-02-26</subfield>
    <subfield code="y">UR</subfield>
  </datafield>
</record>
